| 000 | 00633nam a2200229 a 4500 | ||
|---|---|---|---|
| 001 | 55783 | ||
| 003 | BD-RjUl | ||
| 005 | 20211209080320.0 | ||
| 008 | 161121s1960 ilu b 001 0 eng | ||
| 035 | _a(BD-RjUl)55907 | ||
| 040 |
_aDLC _cDLC _dBD-RjUl _beng |
||
| 041 | _aeng | ||
| 082 |
_223 _a823.912 _bWAE 1960 |
||
| 100 | 1 |
_aWarner, Rex _9166108 |
|
| 245 | 1 | 0 |
_aE. M. Forster / _cRex Warner |
| 250 | _aNew ed. | ||
| 260 |
_aDeKalb : _bNorthern Illinois University Press, _c1960 |
||
| 300 |
_a37 p. ; _c25 cm |
||
| 500 | _aIncludes indexes | ||
| 600 | 1 | 0 |
_aForster, E. M. _q(Edward Morgan), _d1879-1970. _9166109 |
| 942 |
_2ddc _cBK |
||
| 999 |
_c55783 _d55783 |
||